| 000 | 00389 a2200133 4500 | ||
|---|---|---|---|
| 003 | Nust | ||
| 005 | 20170207165248.0 | ||
| 040 | _cNust | ||
| 082 | _a799 | ||
| 245 |
_aAllied Offrs MCC-50 meet with CI(C) Photographs-2014 _cMCS |
||
| 260 |
_aRawalpindi _bMCS _c06-06-2014 |
||
| 650 | _aPictures of Allied Offrs MCC-50 meet with CI(C) Photographs-2014 (CD-NO 24 Vol III) | ||
| 651 | _aSweet Memories-MCS | ||
| 942 | _cBK | ||
| 999 |
_c211347 _d211347 |
||